000 00731nam a22001937a 4500
999 _c7024
_d7024
003 CISL
005 20260111234334.0
008 260112t2021 bg |||g |||| 000 f|ben|d
020 _a9847032301677
040 _cCISL
082 _222
_a891.44371
_bCSB
100 _aচট্টোপাধ্যায়, শরৎচন্দ্র
_4Sarat Chandra Chattopadhyay
245 _aবামুনের মেয়ে /
_cশরৎচন্দ্র চট্টোপাধ্যায়
260 _aঢাকা:
_bশব্দশিল্প,
_c[c2021]
300 _a৭৯ পৃ.
_b২১.০৫ সে.মি.
650 _xBengali literature
_xNovel
_zBangladesh
650 _xJuvenile Literature
942 _2ddc
_cBK